000 00271 a2200121 4500
001 146650
040 _cEscola São Tomás de Aquino
100 _aMCDONALD, Megan
240 1 0 _aChiclete
_lpor
245 1 0 _aChiclete
697 _a*LITERATURA INFANTO JUVENIL
942 _cBK
999 _c146650
_d146650